[Event "DVM U16 2021"]
[Site "Kiel GER"]
[Date "2022.07.23"]
[Round "1"]
[White "Andreas, Bruno"]
[Black "Mandelkow, Elias"]
[Result "0-1"]
[Termination "normal"]
[Board "2.4"]
[WhiteElo "1490"]
[BlackElo "1732"]
[WhiteClock "00:03:34"]
[BlackClock "00:07:02"]
[WhiteTeam "USV TU Dresden"]
[BlackTeam "Hamburger SK von 1830 eV"]
[PlyCount "74"]
[WhiteFideId "16274210"]
[BlackFideId "16233239"]
[EventCountry "GER"]
[EventRounds "7"]
[EventType "team-swiss"]
[EventDate "2022.07.22"]

1. e4 {[%clk 01:30:57]} {[%emt 00:00:03]} d6 {[%clk 01:30:19]} {[%emt
00:00:41]} 2. d4 {[%clk 01:31:02]} {[%emt 00:00:26]} Nf6 {[%clk 01:30:43]}
{[%emt 00:00:05]} 3. Nc3 {[%clk 01:31:20]} {[%emt 00:00:13]} g6 {[%clk
01:31:08]} {[%emt 00:00:05]} 4. Be3 {[%clk 01:30:24]} {[%emt 00:01:25]} c6
{[%clk 01:30:17]} {[%emt 00:01:21]} 5. Bd3 {[%clk 01:28:32]} {[%emt 00:02:23]}
Bg7 {[%clk 01:24:53]} {[%emt 00:05:53]} 6. f3 {[%clk 01:27:57]} {[%emt
00:01:06]} Nbd7 {[%clk 01:23:05]} {[%emt 00:02:18]} 7. Nge2 {[%clk 01:27:56]}
{[%emt 00:00:31]} O-O {[%clk 01:18:53]} {[%emt 00:04:41]} 8. a4 {[%clk
01:25:23]} {[%emt 00:03:04]} e5 {[%clk 01:15:58]} {[%emt 00:03:25]} 9. Qd2
{[%clk 01:22:04]} {[%emt 00:03:50]} Re8 {[%clk 01:12:19]} {[%emt 00:04:08]} 10.
O-O {[%clk 01:21:40]} {[%emt 00:00:54]} exd4 {[%clk 01:08:27]} {[%emt
00:04:21]} 11. Nxd4 {[%clk 01:20:16]} {[%emt 00:01:54]} Ne5 {[%clk 01:05:44]}
{[%emt 00:03:13]} 12. Bh6 {[%clk 01:06:03]} {[%emt 00:14:43]} Bxh6 {[%clk
00:54:26]} {[%emt 00:11:48]} 13. Qxh6 {[%clk 01:06:27]} {[%emt 00:00:07]} Qb6
{[%clk 00:53:30]} {[%emt 00:01:25]} 14. Nce2 {[%clk 00:59:27]} {[%emt
00:07:31]} c5 {[%clk 00:50:24]} {[%emt 00:03:36]} 15. a5 {[%clk 00:59:13]}
{[%emt 00:00:44]} Qd8 {[%clk 00:48:35]} {[%emt 00:02:18]} 16. Nb5 {[%clk
00:58:23]} {[%emt 00:01:21]} c4 {[%clk 00:44:33]} {[%emt 00:04:31]} 17. f4
{[%clk 00:49:07]} {[%emt 00:09:47]} Nfg4 {[%clk 00:40:43]} {[%emt 00:04:19]}
18. Qh3 {[%clk 00:41:01]} {[%emt 00:08:36]} cxd3 {[%clk 00:39:05]} {[%emt
00:02:08]} 19. Ned4 {[%clk 00:34:39]} {[%emt 00:06:53]} Nc6 {[%clk 00:32:39]}
{[%emt 00:06:55]} 20. cxd3 {[%clk 00:28:33]} {[%emt 00:06:36]} Nxd4 {[%clk
00:23:52]} {[%emt 00:09:17]} 21. Nxd4 {[%clk 00:28:54]} {[%emt 00:00:09]} Qf6
{[%clk 00:23:48]} {[%emt 00:00:34]} 22. Ne2 {[%clk 00:23:39]} {[%emt 00:05:45]}
Qxb2 {[%clk 00:22:53]} {[%emt 00:01:25]} 23. Qf3 {[%clk 00:23:41]} {[%emt
00:00:27]} Qg7 {[%clk 00:21:54]} {[%emt 00:01:30]} 24. Rac1 {[%clk 00:21:17]}
{[%emt 00:02:54]} Nf6 {[%clk 00:21:04]} {[%emt 00:01:21]} 25. Rc7 {[%clk
00:20:08]} {[%emt 00:01:37]} Bg4 {[%clk 00:19:49]} {[%emt 00:01:46]} 26. Qf2
{[%clk 00:20:16]} {[%emt 00:00:23]} Nd7 {[%clk 00:17:37]} {[%emt 00:02:42]} 27.
Ng3 {[%clk 00:19:35]} {[%emt 00:01:11]} Nc5 {[%clk 00:17:08]} {[%emt 00:00:58]}
28. h3 {[%clk 00:17:10]} {[%emt 00:02:56]} Bc8 {[%clk 00:16:18]} {[%emt
00:01:20]} 29. Qe3 {[%clk 00:14:43]} {[%emt 00:02:56]} Nb3 {[%clk 00:13:03]}
{[%emt 00:03:45]} 30. f5 {[%clk 00:12:54]} {[%emt 00:02:19]} Qd4 {[%clk
00:12:45]} {[%emt 00:00:48]} 31. Qxd4 {[%clk 00:12:51]} {[%emt 00:00:34]} Nxd4
{[%clk 00:13:11]} {[%emt 00:00:04]} 32. fxg6 {[%clk 00:13:06]} {[%emt
00:00:14]} fxg6 {[%clk 00:13:27]} {[%emt 00:00:14]} 33. e5 {[%clk 00:07:39]}
{[%emt 00:05:58]} d5 {[%clk 00:09:23]} {[%emt 00:04:33]} 34. h4 {[%clk
00:06:28]} {[%emt 00:01:41]} Bf5 {[%clk 00:08:10]} {[%emt 00:01:43]} 35. Nxf5
{[%clk 00:06:01]} {[%emt 00:00:57]} Nxf5 {[%clk 00:08:15]} {[%emt 00:00:25]}
36. g4 {[%clk 00:05:59]} {[%emt 00:00:32]} Re7 {[%clk 00:07:58]} {[%emt
00:00:47]} 37. Rc5 {[%clk 00:03:34]} {[%emt 00:02:54]} Ne3 {[%clk 00:07:02]}
{[%emt 00:01:26]} 0-1

[Event "DVM U16 2021"]
[Site "Kiel GER"]
[Date "2022.07.23"]
[Round "1"]
[White "Zhou, Lepu Coco"]
[Black "Weidemann, Jakob"]
[Result "1/2-1/2"]
[Termination "normal"]
[Board "3.1"]
[WhiteElo "1986"]
[BlackElo "2092"]
[WhiteClock "00:29:56"]
[BlackClock "00:14:12"]
[WhiteTeam "SC Weisse Dame e.V."]
[BlackTeam "Schachklub Münster 32 e. V."]
[PlyCount "125"]
[WhiteFideId "16217136"]
[BlackFideId "16255470"]
[EventCountry "GER"]
[EventRounds "7"]
[EventType "team-swiss"]
[EventDate "2022.07.22"]

1. e4 {[%clk 01:30:56]} {[%emt 00:00:04]} c5 {[%clk 01:30:47]} {[%emt
00:00:13]} 2. Nf3 {[%clk 01:31:11]} {[%emt 00:00:15]} e6 {[%clk 01:31:09]}
{[%emt 00:00:08]} 3. d4 {[%clk 01:30:16]} {[%emt 00:01:25]} cxd4 {[%clk
01:31:30]} {[%emt 00:00:09]} 4. Nxd4 {[%clk 01:30:38]} {[%emt 00:00:08]} Nc6
{[%clk 01:31:49]} {[%emt 00:00:10]} 5. Nb5 {[%clk 01:30:13]} {[%emt 00:00:55]}
d6 {[%clk 01:08:40]} {[%emt 00:23:40]} 6. c4 {[%clk 01:29:52]} {[%emt
00:00:51]} Be7 {[%clk 01:07:26]} {[%emt 00:01:44]} 7. N1c3 {[%clk 01:29:10]}
{[%emt 00:01:11]} a6 {[%clk 01:04:47]} {[%emt 00:03:10]} 8. Nd4 {[%clk
01:25:57]} {[%emt 00:03:43]} Nf6 {[%clk 00:59:45]} {[%emt 00:05:32]} 9. Be3
{[%clk 01:24:37]} {[%emt 00:01:49]} Qa5 {[%clk 00:59:14]} {[%emt 00:01:02]} 10.
f3 {[%clk 01:18:49]} {[%emt 00:06:18]} Bd7 {[%clk 00:57:25]} {[%emt 00:02:19]}
11. Be2 {[%clk 01:15:03]} {[%emt 00:04:16]} Nxd4 {[%clk 00:54:18]} {[%emt
00:03:38]} 12. Qxd4 {[%clk 01:14:24]} {[%emt 00:01:08]} Rc8 {[%clk 00:49:34]}
{[%emt 00:05:14]} 13. O-O {[%clk 01:06:59]} {[%emt 00:07:55]} O-O {[%clk
00:47:05]} {[%emt 00:02:59]} 14. b4 {[%clk 01:01:29]} {[%emt 00:06:00]} Qxb4
{[%clk 00:42:01]} {[%emt 00:05:34]} 15. Rab1 {[%clk 01:01:22]} {[%emt
00:00:38]} Qa5 {[%clk 00:42:06]} {[%emt 00:00:23]} 16. Rxb7 {[%clk 01:00:11]}
{[%emt 00:01:41]} d5 {[%clk 00:38:28]} {[%emt 00:04:09]} 17. exd5 {[%clk
00:51:39]} {[%emt 00:09:02]} Bc5 {[%clk 00:38:09]} {[%emt 00:00:49]} 18. Qd3
{[%clk 00:51:46]} {[%emt 00:00:22]} exd5 {[%clk 00:36:40]} {[%emt 00:02:00]}
19. Bxc5 {[%clk 00:37:38]} {[%emt 00:14:38]} Qxc5+ {[%clk 00:36:54]} {[%emt
00:00:16]} 20. Kh1 {[%clk 00:37:52]} {[%emt 00:00:16]} dxc4 {[%clk 00:36:22]}
{[%emt 00:01:01]} 21. Qc2 {[%clk 00:33:59]} {[%emt 00:04:23]} Bc6 {[%clk
00:36:03]} {[%emt 00:00:50]} 22. Rb2 {[%clk 00:31:53]} {[%emt 00:02:36]} Rfe8
{[%clk 00:33:26]} {[%emt 00:03:07]} 23. Rc1 {[%clk 00:25:27]} {[%emt 00:06:55]}
Re6 {[%clk 00:32:06]} {[%emt 00:01:51]} 24. Qb1 {[%clk 00:19:36]} {[%emt
00:06:21]} Nh5 {[%clk 00:31:10]} {[%emt 00:01:26]} 25. h3 {[%clk 00:13:55]}
{[%emt 00:06:10]} Rce8 {[%clk 00:29:37]} {[%emt 00:02:03]} 26. Ne4 {[%clk
00:05:42]} {[%emt 00:08:44]} Bxe4 {[%clk 00:26:54]} {[%emt 00:03:13]} 27. fxe4
{[%clk 00:06:07]} {[%emt 00:00:04]} Ng3+ {[%clk 00:23:25]} {[%emt 00:03:59]}
28. Kh2 {[%clk 00:06:33]} {[%emt 00:00:05]} Qe5 {[%clk 00:21:23]} {[%emt
00:02:32]} 29. Bxc4 {[%clk 00:05:02]} {[%emt 00:02:01]} Nxe4+ {[%clk 00:19:01]}
{[%emt 00:02:52]} 30. Kg1 {[%clk 00:05:09]} {[%emt 00:00:22]} Rg6 {[%clk
00:12:45]} {[%emt 00:06:47]} 31. Bd3 {[%clk 00:03:40]} {[%emt 00:01:58]} Nc3
{[%clk 00:05:55]} {[%emt 00:07:20]} 32. Qc2 {[%clk 00:01:57]} {[%emt 00:02:14]}
Rc6 {[%clk 00:03:41]} {[%emt 00:02:43]} 33. Kh1 {[%clk 00:02:19]} {[%emt
00:00:08]} Rec8 {[%clk 00:02:15]} {[%emt 00:01:56]} 34. Qd2 {[%clk 00:01:18]}
{[%emt 00:01:32]} g6 {[%clk 00:02:04]} {[%emt 00:00:41]} 35. Rbc2 {[%clk
00:01:20]} {[%emt 00:00:28]} Qd4 {[%clk 00:00:44]} {[%emt 00:01:49]} 36. Bf1
{[%clk 00:00:43]} {[%emt 00:01:07]} Qxd2 37. Rxd2 {[%clk 00:01:12]} Nb5 {[%clk
00:00:46]} {[%emt 00:00:21]} 38. Rxc6 {[%clk 00:00:46]} {[%emt 00:00:56]} Rxc6
{[%clk 00:01:14]} {[%emt 00:00:02]} 39. Bxb5 {[%clk 00:01:07]} {[%emt
00:00:08]} axb5 {[%clk 00:01:31]} {[%emt 00:00:14]} 40. Rb2 {[%clk 00:00:57]}
{[%emt 00:00:40]} Rc5 {[%clk 00:01:52]} {[%emt 00:00:09]} 41. Rb4 {[%clk
00:30:14]} {[%emt 00:01:12]} h5 {[%clk 00:31:33]} {[%emt 00:00:48]} 42. a4
{[%clk 00:30:34]} {[%emt 00:00:11]} bxa4 {[%clk 00:31:57]} {[%emt 00:00:08]}
43. Rxa4 {[%clk 00:30:54]} {[%emt 00:00:09]} g5 {[%clk 00:31:26]} {[%emt
00:01:00]} 44. g4 {[%clk 00:26:14]} {[%emt 00:05:10]} Kg7 {[%clk 00:29:39]}
{[%emt 00:02:17]} 45. gxh5 {[%clk 00:23:56]} {[%emt 00:02:48]} Kh6 {[%clk
00:29:54]} {[%emt 00:00:15]} 46. Ra6+ {[%clk 00:23:34]} {[%emt 00:00:52]} Kxh5
{[%clk 00:28:24]} {[%emt 00:02:01]} 47. Rf6 {[%clk 00:23:56]} {[%emt 00:00:07]}
Kh4 {[%clk 00:27:20]} {[%emt 00:01:35]} 48. Rxf7 {[%clk 00:24:14]} {[%emt
00:00:12]} Rc1+ {[%clk 00:25:06]} {[%emt 00:02:44]} 49. Kg2 {[%clk 00:24:35]}
{[%emt 00:00:08]} Rc2+ {[%clk 00:25:28]} {[%emt 00:00:08]} 50. Kg1 {[%clk
00:25:01]} {[%emt 00:00:04]} Kg3 {[%clk 00:21:54]} {[%emt 00:04:04]} 51. Rf1
{[%clk 00:25:21]} {[%emt 00:00:10]} Rg2+ {[%clk 00:22:13]} {[%emt 00:00:12]}
52. Kh1 {[%clk 00:25:46]} {[%emt 00:00:04]} Rh2+ {[%clk 00:22:35]} {[%emt
00:00:07]} 53. Kg1 {[%clk 00:26:14]} {[%emt 00:00:04]} Rxh3 {[%clk 00:22:49]}
{[%emt 00:00:16]} 54. Ra1 {[%clk 00:26:36]} {[%emt 00:00:07]} g4 {[%clk
00:22:05]} {[%emt 00:01:14]} 55. Rb1 {[%clk 00:27:00]} {[%emt 00:00:06]} Kh4
{[%clk 00:18:15]} {[%emt 00:04:19]} 56. Ra1 {[%clk 00:27:23]} {[%emt 00:00:08]}
Rb3 {[%clk 00:18:17]} {[%emt 00:00:28]} 57. Rc1 {[%clk 00:27:44]} {[%emt
00:00:09]} Kh3 {[%clk 00:17:16]} {[%emt 00:01:31]} 58. Ra1 {[%clk 00:28:00]}
{[%emt 00:00:14]} g3 {[%clk 00:17:26]} {[%emt 00:00:20]} 59. Rc1 {[%clk
00:28:21]} {[%emt 00:00:10]} Rb2 {[%clk 00:17:07]} {[%emt 00:00:49]} 60. Ra1
{[%clk 00:28:43]} {[%emt 00:00:08]} Rg2+ {[%clk 00:16:52]} {[%emt 00:00:44]}
61. Kh1 {[%clk 00:29:09]} {[%emt 00:00:05]} Rb2 {[%clk 00:16:23]} {[%emt
00:00:58]} 62. Kg1 {[%clk 00:29:32]} {[%emt 00:00:07]} Rg2+ {[%clk 00:14:12]}
{[%emt 00:02:41]} 63. Kh1 {[%clk 00:29:56]} {[%emt 00:00:06]} 1/2-1/2

[Event "DVM U16 2021"]
[Site "Kiel GER"]
[Date "2022.07.23"]
[Round "1"]
[White "Schröder, Lennart"]
[Black "Tham, Nam"]
[Result "1-0"]
[Termination "normal"]
[Board "3.2"]
[WhiteElo "2023"]
[BlackElo "1951"]
[WhiteClock "00:21:20"]
[BlackClock "00:41:52"]
[WhiteTeam "Schachklub Münster 32 e. V."]
[BlackTeam "SC Weisse Dame e.V."]
[PlyCount "95"]
[WhiteFideId "16222490"]
[BlackFideId "12997331"]
[EventCountry "GER"]
[EventRounds "7"]
[EventType "team-swiss"]
[EventDate "2022.07.22"]

1. d4 {[%clk 01:30:54]} {[%emt 00:00:03]} d5 {[%clk 01:31:15]} 2. c4 {[%clk
01:31:20]} e6 {[%clk 01:31:37]} 3. Nf3 {[%clk 01:31:36]} c6 {[%clk 01:31:37]}
4. e3 {[%clk 01:31:36]} f5 {[%clk 01:31:37]} 5. Bd3 {[%clk 01:31:37]} Bd6
{[%clk 01:31:19]} 6. O-O {[%clk 01:31:43]} Nf6 {[%clk 01:31:11]} 7. b3 {[%clk
01:31:53]} Qe7 {[%clk 01:31:16]} 8. Bb2 {[%clk 01:32:01]} O-O {[%clk 01:31:26]}
9. Qc1 {[%clk 01:30:23]} Na6 {[%clk 01:27:06]} 10. cxd5 {[%clk 01:25:19]} Nb4
{[%clk 01:27:23]} 11. Be2 {[%clk 01:19:15]} Nbxd5 {[%clk 01:25:17]} 12. Nbd2
{[%clk 01:15:16]} a5 {[%clk 01:21:39]} 13. Nc4 {[%clk 01:14:57]} Bc7 {[%clk
01:20:34]} 14. a3 {[%clk 01:10:49]} c5 {[%clk 01:18:02]} 15. dxc5 {[%clk
01:09:06]} Qxc5 {[%clk 01:14:51]} 16. Be5 {[%clk 01:02:52]} b5 {[%clk
01:11:00]} 17. Bd4 {[%clk 00:56:35]} Qc6 {[%clk 01:10:25]} 18. Nce5 {[%clk
00:54:10]} Qxc1 {[%clk 01:10:40]} 19. Raxc1 {[%clk 00:53:52]} b4 {[%clk
01:04:19]} 20. axb4 {[%clk 00:54:12]} axb4 {[%clk 01:04:41]} 21. Bc5 {[%clk
00:54:22]} Rd8 {[%clk 01:04:10]} 22. Nc6 {[%clk 00:54:39]} Re8 {[%clk
01:03:38]} 23. Nxb4 {[%clk 00:52:15]} Rb8 {[%clk 01:01:24]} 24. Nxd5 {[%clk
00:52:34]} Nxd5 {[%clk 00:52:05]} 25. Bc4 {[%clk 00:49:54]} Ba5 {[%clk
00:49:28]} 26. Nd4 {[%clk 00:46:03]} Bd7 {[%clk 00:47:43]} 27. Nxf5 {[%clk
00:44:33]} exf5 {[%clk 00:47:55]} 28. Bxd5+ {[%clk 00:44:59]} Be6 {[%clk
00:47:51]} 29. Bxe6+ {[%clk 00:45:25]} Rxe6 {[%clk 00:47:07]} 30. b4 {[%clk
00:44:14]} Bxb4 {[%clk 00:45:12]} 31. Rb1 {[%clk 00:44:21]} Re4 {[%clk
00:41:50]} 32. Rfc1 {[%clk 00:41:56]} Rc8 {[%clk 00:40:36]} 33. Bd4 {[%clk
00:41:45]} Rxc1+ {[%clk 00:41:01]} 34. Rxc1 {[%clk 00:39:13]} Kf7 {[%clk
00:40:16]} 35. Rc7+ {[%clk 00:34:43]} Be7 {[%clk 00:39:50]} 36. f3 {[%clk
00:35:08]} Re6 {[%clk 00:40:05]} 37. Bc5 {[%clk 00:35:33]} Kf6 {[%clk
00:40:11]} 38. Bxe7+ {[%clk 00:35:59]} Rxe7 {[%clk 00:40:34]} 39. Rxe7 {[%clk
00:36:25]} Kxe7 {[%clk 00:40:01]} 40. e4 {[%clk 00:24:10]} Ke6 {[%clk
00:40:01]} 41. Kf2 {[%clk 00:23:45]} Ke5 {[%clk 00:40:12]} 42. Ke3 {[%clk
00:23:37]} g5 {[%clk 00:40:03]} 43. g4 {[%clk 00:19:40]} fxe4 {[%clk 00:40:25]}
44. fxe4 {[%clk 00:20:05]} Ke6 {[%clk 00:40:47]} 45. Kd4 {[%clk 00:20:30]} Kd6
{[%clk 00:41:04]} 46. e5+ {[%clk 00:20:54]} Ke6 {[%clk 00:41:29]} 47. Ke4
{[%clk 00:21:20]} Ke7 {[%clk 00:41:52]} 48. Kf5 1-0

[Event "DVM U16 2021"]
[Site "Kiel GER"]
[Date "2022.07.23"]
[Round "1"]
[White "Preissner, Laurenz"]
[Black "Toval, David"]
[Result "0-1"]
[Termination "normal"]
[Board "3.3"]
[WhiteElo "1586"]
[BlackElo "1830"]
[WhiteClock "00:33:35"]
[BlackClock "00:14:27"]
[WhiteTeam "SC Weisse Dame e.V."]
[BlackTeam "Schachklub Münster 32 e. V."]
[PlyCount "118"]
[WhiteFideId "34614419"]
[BlackFideId "12992755"]
[EventCountry "GER"]
[EventRounds "7"]
[EventType "team-swiss"]
[EventDate "2022.07.22"]

1. e4 {[%clk 01:30:58]} {[%emt 00:00:01]} c5 {[%clk 01:30:54]} {[%emt
00:00:07]} 2. d4 {[%clk 01:31:25]} {[%emt 00:00:02]} cxd4 {[%clk 01:31:18]}
{[%emt 00:00:07]} 3. c3 {[%clk 01:31:53]} {[%emt 00:00:02]} d5 {[%clk
01:31:28]} {[%emt 00:00:20]} 4. exd5 {[%clk 01:31:33]} {[%emt 00:00:50]} Qxd5
{[%clk 01:31:49]} {[%emt 00:00:08]} 5. Qxd4 {[%clk 01:22:03]} {[%emt 00:10:01]}
Qxd4 {[%clk 01:30:55]} {[%emt 00:01:24]} 6. cxd4 {[%clk 01:22:30]} {[%emt
00:00:03]} Nc6 {[%clk 01:31:16]} {[%emt 00:00:08]} 7. Be3 {[%clk 01:16:18]}
{[%emt 00:06:42]} g6 {[%clk 01:26:29]} {[%emt 00:05:18]} 8. Nc3 {[%clk
01:12:23]} {[%emt 00:04:25]} Bd7 {[%clk 00:56:34]} {[%emt 00:30:24]} 9. Nf3
{[%clk 01:07:34]} {[%emt 00:05:19]} Nf6 {[%clk 00:54:53]} {[%emt 00:02:10]} 10.
Ne5 {[%clk 00:59:29]} {[%emt 00:08:37]} Bg7 {[%clk 00:53:22]} {[%emt 00:02:00]}
11. Nxd7 {[%clk 00:51:11]} {[%emt 00:08:49]} Nxd7 {[%clk 00:53:00]} {[%emt
00:00:51]} 12. Rd1 {[%clk 00:39:41]} {[%emt 00:12:00]} a6 {[%clk 00:31:23]}
{[%emt 00:22:06]} 13. Be2 {[%clk 00:34:16]} {[%emt 00:05:56]} O-O {[%clk
00:30:46]} {[%emt 00:01:06]} 14. O-O {[%clk 00:32:48]} {[%emt 00:01:56]} Rfd8
{[%clk 00:24:39]} {[%emt 00:06:40]} 15. d5 {[%clk 00:32:05]} {[%emt 00:01:14]}
Nb4 {[%clk 00:23:19]} {[%emt 00:01:49]} 16. a3 {[%clk 00:24:50]} {[%emt
00:07:45]} Nc2 {[%clk 00:22:57]} {[%emt 00:00:51]} 17. Rc1 {[%clk 00:22:51]}
{[%emt 00:02:30]} Nxe3 {[%clk 00:19:55]} {[%emt 00:03:32]} 18. fxe3 {[%clk
00:23:10]} {[%emt 00:00:11]} Rac8 {[%clk 00:14:44]} {[%emt 00:05:40]} 19. Bf3
{[%clk 00:21:03]} {[%emt 00:02:37]} Nb6 {[%clk 00:14:12]} {[%emt 00:01:03]} 20.
d6 {[%clk 00:19:41]} {[%emt 00:01:53]} Bxc3 {[%clk 00:12:32]} {[%emt 00:02:09]}
21. dxe7 {[%clk 00:14:29]} {[%emt 00:05:42]} Re8 {[%clk 00:11:41]} {[%emt
00:01:21]} 22. bxc3 {[%clk 00:13:52]} {[%emt 00:01:07]} Rxe7 {[%clk 00:11:59]}
{[%emt 00:00:12]} 23. Rb1 {[%clk 00:14:07]} {[%emt 00:00:15]} Re6 {[%clk
00:09:47]} {[%emt 00:02:41]} 24. Rb3 {[%clk 00:09:40]} {[%emt 00:04:58]} Na4
{[%clk 00:06:24]} {[%emt 00:03:53]} 25. c4 {[%clk 00:08:38]} {[%emt 00:01:32]}
Nc5 {[%clk 00:06:04]} {[%emt 00:00:50]} 26. Rc3 {[%clk 00:08:14]} {[%emt
00:00:54]} Ne4 {[%clk 00:05:47]} {[%emt 00:00:46]} 27. Bxe4 {[%clk 00:08:19]}
{[%emt 00:00:25]} Rxe4 {[%clk 00:06:11]} {[%emt 00:00:06]} 28. Rf4 {[%clk
00:08:17]} {[%emt 00:00:32]} Re5 {[%clk 00:05:26]} {[%emt 00:01:16]} 29. Rb3
{[%clk 00:07:29]} {[%emt 00:01:18]} Rc7 {[%clk 00:05:16]} {[%emt 00:00:40]} 30.
Kf2 {[%clk 00:07:42]} {[%emt 00:00:16]} Kf8 {[%clk 00:05:30]} {[%emt 00:00:16]}
31. Kf3 {[%clk 00:08:02]} {[%emt 00:00:11]} Ke7 {[%clk 00:05:31]} {[%emt
00:00:28]} 32. Rb4 {[%clk 00:06:38]} {[%emt 00:01:55]} h5 {[%clk 00:01:32]}
{[%emt 00:04:28]} 33. Rb6 {[%clk 00:05:12]} {[%emt 00:01:57]} Re6 {[%clk
00:01:34]} {[%emt 00:00:27]} 34. Rxe6+ {[%clk 00:05:08]} {[%emt 00:00:34]} Kxe6
{[%clk 00:01:58]} {[%emt 00:00:08]} 35. Rd4 {[%clk 00:05:04]} {[%emt 00:00:33]}
Rd7 {[%clk 00:01:03]} {[%emt 00:01:25]} 36. Kf4 {[%clk 00:04:30]} {[%emt
00:01:04]} f6 {[%clk 00:01:18]} {[%emt 00:00:15]} 37. h4 {[%clk 00:04:50]}
{[%emt 00:00:10]} Rd6 {[%clk 00:00:38]} {[%emt 00:01:10]} 38. Ke4 {[%clk
00:03:43]} {[%emt 00:01:37]} Kd7 {[%clk 00:00:31]} {[%emt 00:00:37]} 39. c5
{[%clk 00:03:43]} {[%emt 00:00:30]} Rxd4+ {[%clk 00:00:56]} {[%emt 00:00:06]}
40. exd4 {[%clk 00:03:53]} {[%emt 00:00:19]} Kc6 {[%clk 00:01:20]} {[%emt
00:00:05]} 41. a4 {[%clk 00:03:34]} {[%emt 00:00:50]} a5 {[%clk 00:11:11]}
{[%emt 00:20:39]} 42. g3 {[%clk 00:33:47]} {[%emt 00:00:17]} g5 {[%clk
00:11:31]} {[%emt 00:00:09]} 43. hxg5 {[%clk 00:32:41]} {[%emt 00:01:36]} fxg5
{[%clk 00:11:53]} {[%emt 00:00:08]} 44. Kf5 {[%clk 00:31:24]} {[%emt 00:01:48]}
h4 {[%clk 00:09:48]} {[%emt 00:02:35]} 45. gxh4 {[%clk 00:29:44]} {[%emt
00:02:10]} gxh4 {[%clk 00:10:10]} {[%emt 00:00:08]} 46. Ke6 {[%clk 00:30:10]}
{[%emt 00:00:04]} h3 {[%clk 00:10:33]} {[%emt 00:00:06]} 47. d5+ {[%clk
00:30:40]} {[%emt 00:00:01]} Kxc5 {[%clk 00:10:46]} {[%emt 00:00:17]} 48. d6
{[%clk 00:31:04]} {[%emt 00:00:06]} h2 {[%clk 00:11:10]} {[%emt 00:00:06]} 49.
d7 {[%clk 00:31:25]} {[%emt 00:00:09]} h1=Q {[%clk 00:11:31]} {[%emt 00:00:09]}
50. d8=Q {[%clk 00:31:51]} {[%emt 00:00:04]} Qe4+ {[%clk 00:11:23]} {[%emt
00:00:37]} 51. Kf7 {[%clk 00:31:25]} {[%emt 00:00:57]} Qd5+ {[%clk 00:11:45]}
{[%emt 00:00:08]} 52. Qxd5+ {[%clk 00:31:47]} {[%emt 00:00:07]} Kxd5 {[%clk
00:12:09]} {[%emt 00:00:06]} 53. Kf6 {[%clk 00:31:20]} {[%emt 00:00:56]} Kc4
{[%clk 00:12:33]} {[%emt 00:00:07]} 54. Ke5 {[%clk 00:31:46]} {[%emt 00:00:05]}
Kb4 {[%clk 00:12:57]} {[%emt 00:00:05]} 55. Kd4 {[%clk 00:32:11]} {[%emt
00:00:05]} Kxa4 {[%clk 00:13:21]} {[%emt 00:00:07]} 56. Kc4 {[%clk 00:32:33]}
{[%emt 00:00:08]} b5 {[%clk 00:13:39]} {[%emt 00:00:11]} 57. Kc5 {[%clk
00:32:49]} {[%emt 00:00:15]} b4 {[%clk 00:13:51]} {[%emt 00:00:17]} 58. Kc4
{[%clk 00:33:14]} {[%emt 00:00:06]} b3 {[%clk 00:14:03]} {[%emt 00:00:18]} 59.
Kc3 {[%clk 00:33:35]} {[%emt 00:00:09]} Ka3 {[%clk 00:14:27]} {[%emt 00:00:06]}
0-1